| 000 | 00707nam a22001695i 4500 | ||
|---|---|---|---|
| 001 | 165157 | ||
| 003 | ES-MaACL | ||
| 005 | 20251014063240.0 | ||
| 008 | 990623s1878 sp |||| | spa d | ||
| 040 |
_aCCPB | B _bspa _cCCPB | B |
||
| 100 | 1 |
_aSellés, Eugenio, _d1842-1926 _9145933 |
|
| 245 | 1 | 0 |
_aMaldades que son justicias _b: drama histórico en tres actos y en verso / _cpor Eugenio Sellés. |
| 260 |
_aMadrid : _bAdministración lírico-dramática, _c1878 ( _fImprenta, calle de la Estrella) |
||
| 300 |
_a99 p. ; _c19 cm. |
||
| 852 |
_aES-MaACL _jT-399-F-19 _z-- Enc. hol. _z-- Enc. en un vol. facticio _x-- Edic.: En el pie de imp. de la port. no consta en ed. |
||
| 999 |
_c165157 _d165157 |
||